000 00577nam a2200205Ia 4500
008 140321s9999 xx 000 0 und d
020 _a9780415609708
050 _aPE 1116.J6
_b.G36 2013
100 _aGandon, Mike
245 _aEnglish for international journalists /
_cMike Gandon.
260 _aNew York :
_bRoutledge,
_cc2013.
300 _a191 p. :
_c24 cm.
500 _aIncludes index.
521 _aMC
650 _aEnglish language
_xGrammar.
650 _aEnglish language
_xUsage.
650 _aJournalism
_xAuthorship.
942 _kFOR
_cBK
999 _c48529
_d48529